000 00515nam a2200181Ia 4500
005 20250326124112.0
008 250326s9999 xx 000 0 und d
037 _aTextbook
040 _aFMSL
_beng
_cFMSL
041 _aeng
_2eng
084 _aX:5 J7
_qFMSL
100 _aAllen G C
245 0 _aWestern enterprise in Indonesia and malaya
_cAllen G C; Donnithorne A G
260 _aLondon
_bLondon, George Allen & Unwin
_c1957
300 _a321p
942 _cTB
_hX:5 J7
999 _c1272290
_d1272290